Gyógyszerfuvarozás a K&V Nemzetközi Fuvarozó Kft.-nél

Bibliográfiai részletek
Szerző: Fister Nelli
További közreműködők: Horváth Dr Annamária
Dokumentumtípus: Diplomadolgozat
Kulcsszavak:Fuvarozás
Közúti fuvarozás
Gyógyszer
Hűtési lánc
Online Access:http://dolgozattar.uni-bge.hu/540

MARC

LEADER 00000nta a2200000 i 4500
001 dolg540
005 20150825121827.0
008 150305suuuu hu om 000 hun d
040 |a BGE Dolgozattár Repozitórium  |b hun 
041 |a hu 
100 1 |a Fister Nelli 
245 1 0 |a Gyógyszerfuvarozás a K&V Nemzetközi Fuvarozó Kft.-nél  |c Fister Nelli  |h [elektronikus dokumentum] 
695 |a Fuvarozás 
695 |a Közúti fuvarozás 
695 |a Gyógyszer 
695 |a Hűtési lánc 
700 1 |a Horváth Dr Annamária  |e ths 
856 4 0 |u http://dolgozattar.uni-bge.hu/540/1/FISTER%20NELLI%20-%20SZAKDOLGOZAT.pdf  |z Dokumentum-elérés 
856 4 0 |u http://dolgozattar.uni-bge.hu/540/2/Fister%20Nelli-Titkos%C3%ADt%C3%A1si%20eng..pdf  |z Dokumentum-elérés